[Event "Tromsøsjakken NGP 2024"]
[Site "Sparebanken Nordnorge i Igloen"]
[Date "2024.08.30"]
[Round "1"]
[White "Vestby-Ellingsen, Mads"]
[Black "Rølvåg, Mikael"]
[Result "1-0"]
[WhiteElo "2360"]
[BlackElo "2097"]
[PlyCount "53"]
[EventDate "2024.??.??"]

1. e4 c5 2. Nf3 Nc6 3. d4 cxd4 4. Nxd4 Nf6 5. Nc3 d6 6. Bg5 e6 7. Qd3 a6 8.
Nxc6 bxc6 9. O-O-O Be7 10. Be2 Qa5 11. h4 Rb8 12. g4 Qb4 13. b3 h6 14. Bd2 d5
15. Kb1 Qb7 16. g5 Nd7 17. exd5 cxd5 18. Qd4 hxg5 19. hxg5 Rg8 20. Rh7 Bc5 21.
Qh4 Nf8 22. Rh8 Rxh8 23. Qxh8 g6 24. Bf4 Ra8 25. Bf3 Bd7 26. Bxd5 Bc6 27. Ne4
1-0

[Event "Tromsøsjakken NGP 2024"]
[Site "Sparebanken Nordnorge i Igloen"]
[Date "2024.08.30"]
[Round "1"]
[White "Røyset, Pål N."]
[Black "Lund, Gunnar"]
[Result "1-0"]
[WhiteElo "2063"]
[BlackElo "2337"]
[PlyCount "149"]
[EventDate "2024.??.??"]

1. d4 d5 2. Nf3 Nf6 3. Bf4 c5 4. e3 Nc6 5. c3 Qb6 6. Qb3 c4 7. Qc2 Bf5 8. Qc1
e6 9. h3 Qd8 10. Nbd2 Bd6 11. Bxd6 Qxd6 12. b3 cxb3 13. axb3 h6 14. Bb5 O-O 15.
Qa3 Qc7 16. O-O Ne7 17. Rfc1 Rfc8 18. Ne5 Ne4 19. Nxe4 Bxe4 20. Bd7 Qd8 21.
Bxc8 Nxc8 22. f3 Bf5 23. Qb2 Qg5 24. Qf2 h5 25. e4 Bh7 26. h4 Qd8 27. exd5 exd5
28. Rd1 Nd6 29. c4 Nf5 30. cxd5 Nxh4 31. Nc4 Nf5 32. Ra5 b6 33. Ra2 b5 34. Ne3
Nxe3 35. Qxe3 a5 36. Rda1 Bg6 37. d6 Kh7 38. Qe5 Ra6 39. Qxb5 Rxd6 40. Qxa5 Qh4
41. Qd2 Rxd4 42. Ra4 Rxa4 43. bxa4 Qf6 44. Rd1 h4 45. Qd8 Qf4 46. Qd4 Qg5 47.
Qg4 Qe3+ 48. Kh1 Qh6 49. Rd4 Bh5 50. Qf4 g5 51. Qd6 Bg6 52. Kh2 Qh5 53. Qd7 Qh6
54. a5 Qf8 55. a6 Qb8+ 56. Qd6 Qa7 57. Rg4 h3 58. Rxg5 hxg2 59. Rxg2 Qe3 60.
Qf6 Qc1 61. Qh4+ Kg7 62. Qd4+ Kh7 63. a7 Qc7+ 64. Kh1 Qc1+ 65. Qg1 Qa3 66. Rh2+
Kg8 67. Qd1 Qa5 68. Rh4 Kg7 69. Qd4+ f6 70. Qd7+ Kg8 71. Qc8+ Kg7 72. Qh8+ Kf7
73. Rh7+ Ke6 74. Qc8+ Ke5 75. Qc7+ 1-0

[Event "Tromsøsjakken NGP 2024"]
[Site "Sparebanken Nordnorge i Igloen"]
[Date "2024.08.30"]
[Round "1"]
[White "Schouten, Mathias L."]
[Black "Rølvåg, Birk A."]
[Result "1-0"]
[WhiteElo "2250"]
[BlackElo "1955"]
[PlyCount "74"]
[EventDate "2024.??.??"]

1. d4 d5 2. c4 Nf6 3. cxd5 Nxd5 4. e4 Nb6 5. Nc3 g6 6. Be3 Bg7 7. h3 O-O 8. Nf3
N6d7 9. Be2 b6 10. O-O Bb7 11. Qc2 c5 12. Rfd1 cxd4 13. Bxd4 Nc6 14. Bxg7 Kxg7
15. Nd5 Rc8 16. Qc3+ e5 17. Qe3 f6 18. Bb5 Nc5 19. Rac1 Ne6 20. Bxc6 Rxc6 21.
Rxc6 Bxc6 22. Nh2 Nd4 23. Nb4 Bb5 24. Kh1 Qd6 25. Nd5 Bc4 26. Nc3 Qe6 27. Ng4
Rf7 28. Rc1 g5 29. b3 Ba6 30. Nd5 h5 31. Ngxf6 Rxf6 32. Qxg5+ Rg6 33. Rc7+ Kf8
34. Qxh5 Bf1 35. Qh8+ Rg8 36. Rc8+ Qxc8 37. Qf6+ Ke8 1-0

[Event "Tromsøsjakken NGP 2024"]
[Site "Sparebanken Nordnorge i Igloen"]
[Date "2024.08.30"]
[Round "1"]
[White "Rostad, Birk S."]
[Black "Berg Hanssen, Gunnar"]
[Result "1-0"]
[WhiteElo "1950"]
[BlackElo "2146"]
[PlyCount "111"]
[EventDate "2024.??.??"]

1. e4 e6 2. d4 d5 3. exd5 exd5 4. Nf3 Bd6 5. c4 Nf6 6. Nc3 c6 7. Bg5 O-O 8.
cxd5 Qb6 9. Qc2 Nxd5 10. Nxd5 cxd5 11. Bd3 h6 12. Be3 Nc6 13. a3 Qa5+ 14. Nd2
f5 15. f4 Nb4 16. Qb1 Nxd3+ 17. Qxd3 b6 18. Kf2 Ba6 19. Qb3 Rfe8 20. Rhe1 Rac8
21. Rac1 Kh7 22. Nf3 Qb5 23. Qxb5 Bxb5 24. Ne5 Ba4 25. Bd2 Bc2 26. Re3 Be4 27.
Rec3 Rxc3 28. Rxc3 Re7 29. Rc6 Bxe5 30. fxe5 Bd3 31. a4 Kg8 32. Bb4 Re8 33. e6
a5 34. Ba3 b5 35. axb5 Bxb5 36. Rb6 Bd3 37. Ke3 Bf1 38. g3 g5 39. e7 Kg7 40.
Rb7 a4 41. Ra7 Bb5 42. Ra5 Bc6 43. Rc5 Bb7 44. Rb5 Bc6 45. Rb6 Bd7 46. Ra6 Bb5
47. Rb6 Bd7 48. Bc5 Bc8 49. Kf3 Bd7 50. h4 f4 51. hxg5 hxg5 52. gxf4 g4+ 53.
Kg2 Kf7 54. Rh6 Rb8 55. Ba3 Bf5 56. Rd6 1-0

[Event "Tromsøsjakken NGP 2024"]
[Site "Sparebanken Nordnorge i Igloen"]
[Date "2024.08.30"]
[Round "1"]
[White "Valvåg, Torbjørn"]
[Black "Halvorsen, Benjamin"]
[Result "1/2-1/2"]
[WhiteElo "2138"]
[BlackElo "1939"]
[PlyCount "28"]
[EventDate "2024.??.??"]

1. d4 d5 2. Nf3 e6 3. Bf4 Nf6 4. e3 c5 5. Nbd2 Nc6 6. c3 Bd6 7. Bg3 O-O 8. Bd3
c4 9. Bc2 Qc7 10. Bh4 Be7 11. Qe2 b5 12. Bg3 Bd6 13. Bh4 Be7 14. Bg3 Bd6
1/2-1/2

[Event "Tromsøsjakken NGP 2024"]
[Site "Sparebanken Nordnorge i Igloen"]
[Date "2024.08.30"]
[Round "1"]
[White "Remman, Frank R."]
[Black "Tørfoss, Sivert S."]
[Result "1-0"]
[WhiteElo "1884"]
[BlackElo "2120"]
[PlyCount "117"]
[EventDate "2024.??.??"]

1. d4 Nf6 2. c4 e6 3. Nf3 b6 4. g3 c6 5. Bg2 Bb4+ 6. Bd2 Be7 7. O-O O-O 8. Bg5
d5 9. Nc3 Ba6 10. cxd5 cxd5 11. Rc1 Nbd7 12. Re1 b5 13. Nd2 Rc8 14. Nb3 h6 15.
Bxf6 Bxf6 16. e3 Be7 17. Bf1 Rb8 18. Bd3 Bd6 19. Re2 Qe7 20. Rec2 Rb6 21. Qe2
Rfb8 22. Nc5 Bxc5 23. dxc5 Nxc5 24. Nxd5 exd5 25. Rxc5 Bb7 26. Bxb5 Qe6 27. b3
Qh3 28. Bc6 Bxc6 29. Rxc6 Rxc6 30. Rxc6 Rc8 31. Qc2 Rxc6 32. Qxc6 Qf5 33. Qc1
Qd3 34. Qb2 g5 35. Qd4 Qb1+ 36. Kg2 Qxa2 37. Qxd5 Qa6 38. b4 Qb6 39. b5 Kf8 40.
e4 Ke8 41. h3 a5 42. bxa6 Qxa6 43. Qe5+ Kf8 44. Qb8+ Kg7 45. Qb2+ Kg8 46. Qd4
f6 47. Qd5+ Kg7 48. Qd7+ Kg6 49. Qe8+ Kg7 50. Qe7+ Kg6 51. Qf8 Qe6 52. Qa8 f5
53. exf5+ Qxf5 54. Qg8+ Kh5 55. g4+ Kh4 56. gxf5 h5 57. Qc4+ g4 58. hxg4 hxg4
59. f6 1-0

[Event "Tromsøsjakken NGP 2024"]
[Site "Sparebanken Nordnorge i Igloen"]
[Date "2024.08.30"]
[Round "1"]
[White "Hammari, Vinjar"]
[Black "Gulljord, Birk"]
[Result "1-0"]
[WhiteElo "2119"]
[BlackElo "1844"]
[PlyCount "83"]
[EventDate "2024.??.??"]

1. e4 c6 2. d4 d5 3. e5 Bf5 4. h4 h6 5. g4 Be4 6. f3 Bh7 7. e6 Qd6 8. exf7+
Kxf7 9. Bd3 e5 10. Bxh7 Rxh7 11. Qd3 Nf6 12. dxe5 Qxe5+ 13. Ne2 Na6 14. a3 Re8
15. Kf1 Nc5 16. Qd1 Ne6 17. Nbc3 d4 18. Na2 Nd5 19. Nb4 Qf6 20. Kg2 Ne3+ 21.
Bxe3 dxe3 22. Qd3 Kg8 23. Qb3 g6 24. Nd3 Rf7 25. Raf1 Rd8 26. Qc4 b5 27. Qe4
Nc5 28. Nxc5 Bxc5 29. Rd1 Rdf8 30. Rhf1 Bb6 31. c3 Kg7 32. h5 gxh5 33. Ng3 Qg5
34. Nxh5+ Kh8 35. Rd6 Rg8 36. Kh3 Bc7 37. Qd4+ Kh7 38. Nf6+ Rxf6 39. Rxf6 Be5
40. Qe4+ Kh8 41. Rf5 e2 42. Qxe5+ 1-0

[Event "Tromsøsjakken NGP 2024"]
[Site "Sparebanken Nordnorge i Igloen"]
[Date "2024.08.30"]
[Round "1"]
[White "Entner, Erlend"]
[Black "Aas, Robert J."]
[Result "0-1"]
[WhiteElo "1742"]
[BlackElo "1863"]
[PlyCount "150"]
[EventDate "2024.??.??"]

1. e4 e5 2. Nf3 Nc6 3. Bc4 Nf6 4. d4 exd4 5. O-O Nxe4 6. Re1 d5 7. Bxd5 Qxd5 8.
Nc3 Qd7 9. Nxe4 Be7 10. Bg5 O-O 11. Bxe7 Qxe7 12. Nxd4 Bd7 13. c3 Rad8 14. Qd2
a6 15. Nf3 Be6 16. Qf4 h6 17. Re3 Rd5 18. Ng3 Rfd8 19. h4 Qd6 20. Qxd6 R8xd6
21. b3 Rd1+ 22. Re1 Rxa1 23. Rxa1 b6 24. Kf1 Kf8 25. Rc1 Rd5 26. Ne2 Bg4 27.
Nfd4 Ne7 28. f3 Bc8 29. Nf4 Rd8 30. Kf2 c5 31. Nde2 g5 32. hxg5 hxg5 33. Nh5
Ng6 34. Nf6 Ne5 35. Rc2 Bf5 36. Ne4 Bxe4 37. fxe4 Rd3 38. c4 Ng4+ 39. Ke1 Ne3
40. Rd2 Nxg2+ 41. Kd1 Ne3+ 42. Kc1 Rxd2 43. Kxd2 Ng4 44. Ng3 Ke7 45. Ke2 Ke6
46. Kf3 Nf6 47. Nf5 Ke5 48. Ng3 Kd4 49. Nf5+ Kd3 50. Nd6 g4+ 51. Kf4 g3 52.
Nxf7 g2 53. Ne5+ Ke2 54. Nf3 Kf2 55. e5 Ne8 56. Ng5 Ng7 57. Nh3+ Kf1 58. Kg5
Ne6+ 59. Kf6 Nf4 60. Nxf4 g1=Q 61. Nd5 Qf2+ 62. Ke7 b5 63. e6 bxc4 64. bxc4 Ke2
65. Kd6 Kd3 66. e7 Qe1 67. Kxc5 Qe5 68. Kc6 Kxc4 69. Nb6+ Kb4 70. a3+ Kc3 71.
Nc8 Qb5+ 72. Kd6 Qe8 73. Nb6 Kb3 74. Nd5 Qg6+ 75. Kc7 Qe6 0-1

[Event "Tromsøsjakken NGP 2024"]
[Site "Sparebanken Nordnorge i Igloen"]
[Date "2024.08.31"]
[Round "2"]
[White "Røyset, Pål N."]
[Black "Vestby-Ellingsen, Mads"]
[Result "1/2-1/2"]
[WhiteElo "2063"]
[BlackElo "2360"]
[PlyCount "50"]
[EventDate "2024.??.??"]

1. e4 c5 2. Nf3 d6 3. Bb5+ Nd7 4. O-O a6 5. Bxd7+ Bxd7 6. d3 g6 7. c4 Bg7 8.
Nc3 Nf6 9. Bg5 h6 10. Bd2 O-O 11. Qc1 Kh7 12. a4 Nh5 13. a5 Rb8 14. Ne1 f5 15.
Nd5 fxe4 16. dxe4 e6 17. Nb6 Bc6 18. f3 Be5 19. Nd3 Bd4+ 20. Be3 Qf6 21. Re1
Ng7 22. Bxd4 Qxd4+ 23. Qe3 Qxe3+ 24. Rxe3 e5 25. b4 cxb4 1/2-1/2

[Event "Tromsøsjakken NGP 2024"]
[Site "Sparebanken Nordnorge i Igloen"]
[Date "2024.08.31"]
[Round "2"]
[White "Halvorsen, Benjamin"]
[Black "Lund, Gunnar"]
[Result "0-1"]
[WhiteElo "1939"]
[BlackElo "2337"]
[PlyCount "84"]
[EventDate "2024.??.??"]

1. e4 c5 2. Nf3 Nc6 3. Bb5 g6 4. O-O Bg7 5. c3 Nf6 6. Re1 O-O 7. d4 a6 8. Bd3
d6 9. h3 b5 10. a4 b4 11. Be3 Nd7 12. Nbd2 Bb7 13. Nb3 Rc8 14. Qe2 Na5 15. Nbd2
Qb6 16. Rec1 bxc3 17. bxc3 Qa7 18. Rcb1 Qa8 19. Ne1 Rc7 20. f3 Rfc8 21. h4 e6
22. h5 cxd4 23. cxd4 Rc3 24. Rb4 Nc6 25. Rc4 Rxc4 26. Nxc4 Nxd4 27. Qf2 Nxf3+
28. Nxf3 Bxa1 29. Nxd6 Rf8 30. Bh6 Bc6 31. Ng5 Bf6 32. Bxf8 Qxf8 33. Ndxf7 h6
34. hxg6 Bxg5 35. Bxa6 Qc5 36. Qxc5 Nxc5 37. Bc4 Bxa4 38. Kf2 Nxe4+ 39. Ke2 Nc5
40. Ne5 Kg7 41. Kf3 Bc2 42. Nc6 Be4+ 0-1

[Event "Tromsøsjakken NGP 2024"]
[Site "Sparebanken Nordnorge i Igloen"]
[Date "2024.08.31"]
[Round "2"]
[White "Rostad, Birk S."]
[Black "Schouten, Mathias L."]
[Result "0-1"]
[WhiteElo "1950"]
[BlackElo "2250"]
[PlyCount "48"]
[EventDate "2024.??.??"]

1. e4 c5 2. Nf3 Nc6 3. d4 cxd4 4. Nxd4 Nf6 5. Nc3 d6 6. Bb5 Bd7 7. Be3 Rc8 8.
h3 g6 9. O-O Bg7 10. f4 O-O 11. Nf3 a6 12. Be2 b5 13. a3 Na5 14. e5 dxe5 15.
Nxe5 Nc4 16. Nxc4 bxc4 17. Bf3 Qc7 18. Qe2 Be6 19. Bd4 Qxf4 20. Be5 Qg5 21. Bb7
Rcd8 22. Bxf6 Bxf6 23. Rad1 Qa5 24. Rf3 Qb6+ 0-1

[Event "Tromsøsjakken NGP 2024"]
[Site "Sparebanken Nordnorge i Igloen"]
[Date "2024.08.31"]
[Round "2"]
[White "Søraas, Torben"]
[Black "Remman, Frank R."]
[Result "1-0"]
[WhiteElo "2151"]
[BlackElo "1884"]
[PlyCount "89"]
[EventDate "2024.??.??"]

1. e4 c5 2. Nc3 Nc6 3. g3 g6 4. Bg2 Bg7 5. d3 d6 6. Nge2 Rb8 7. a4 e6 8. O-O
Nge7 9. Be3 a6 10. d4 cxd4 11. Nxd4 O-O 12. h3 Qc7 13. Qd2 Rd8 14. Rad1 Nxd4
15. Bxd4 Bxd4 16. Qxd4 b5 17. axb5 axb5 18. e5 d5 19. Ne4 Qc4 20. Qd2 Nc6 21.
b3 Qb4 22. Nf6+ Kg7 23. c3 Qe7 24. Ng4 Kh8 25. h4 Qf8 26. Rfe1 Bd7 27. h5 gxh5
28. Nf6 h4 29. gxh4 Qg7 30. Qf4 Ne7 31. Kh2 Nf5 32. Bxd5 Qh6 33. Qxh6 Nxh6 34.
Be4 Be8 35. Bxh7 Bc6 36. Kg3 Kg7 37. Kf4 Rh8 38. Rg1+ Kf8 39. Kg5 Nf5 40. Bxf5
exf5 41. Kxf5 Bf3 42. Nd7+ Ke7 43. Nxb8 Bxd1 44. Rxd1 Rxb8 45. h5 1-0

[Event "Tromsøsjakken NGP 2024"]
[Site "Sparebanken Nordnorge i Igloen"]
[Date "2024.08.31"]
[Round "2"]
[White "Berg Hanssen, Gunnar"]
[Black "Rølvåg, Birk A."]
[Result "1-0"]
[WhiteElo "2146"]
[BlackElo "1955"]
[PlyCount "51"]
[EventDate "2024.??.??"]

1. c4 Nf6 2. Nf3 g6 3. d4 Bg7 4. g3 O-O 5. Bg2 d5 6. cxd5 Nxd5 7. O-O c6 8. e4
Nc7 9. Nc3 Nd7 10. h3 b6 11. Bg5 Bb7 12. Qd2 Ne6 13. Bh6 Nf6 14. Bxg7 Kxg7 15.
Rac1 Qd7 16. Rfd1 Rfd8 17. d5 cxd5 18. exd5 Nc7 19. Ne5 Qf5 20. Nc4 Ncxd5 21.
g4 Nxg4 22. hxg4 Qxg4 23. Nxd5 Rxd5 24. Qc3+ f6 25. Rxd5 Bxd5 26. Ne3 1-0

[Event "Tromsøsjakken NGP 2024"]
[Site "Sparebanken Nordnorge i Igloen"]
[Date "2024.08.31"]
[Round "2"]
[White "Mikalsen, Bengt A."]
[Black "Valvåg, Torbjørn"]
[Result "1-0"]
[WhiteElo "1822"]
[BlackElo "2138"]
[PlyCount "79"]
[EventDate "2024.??.??"]

1. d4 d5 2. c4 c6 3. e3 Nf6 4. Nf3 e6 5. Be2 Nbd7 6. O-O Bd6 7. b3 Ne4 8. Ba3
Bxa3 9. Nxa3 Nc3 10. Qc2 Nxe2+ 11. Qxe2 Qe7 12. Qb2 O-O 13. Rfe1 f5 14. b4 a5
15. b5 g5 16. Rec1 g4 17. Ne5 Nxe5 18. dxe5 Qb4 19. Rab1 c5 20. Rd1 Rd8 21. Qc1
Qa4 22. e4 Rd7 23. exd5 b6 24. Qg5+ Kf8 25. Qf6+ Kg8 26. Qxe6+ Rf7 27. Qe8+ Rf8
28. Qc6 f4 29. Rb3 Bf5 30. Rc1 Rae8 31. e6 Kg7 32. Qxb6 Rf6 33. Qc7+ Kg6 34.
Qxf4 h5 35. h4 gxh3 36. Rg3+ Bg4 37. Qe4+ Kh6 38. gxh3 Bxh3 39. Qe3+ Kh7 40.
Qg5 1-0

[Event "Tromsøsjakken NGP 2024"]
[Site "Sparebanken Nordnorge i Igloen"]
[Date "2024.08.31"]
[Round "2"]
[White "Tørfoss, Sivert S."]
[Black "Gulljord, Birk"]
[Result "1-0"]
[WhiteElo "2120"]
[BlackElo "1844"]
[PlyCount "51"]
[EventDate "2024.??.??"]

1. d4 Nf6 2. Nf3 d5 3. g3 c5 4. Bg2 Nc6 5. O-O cxd4 6. Nxd4 e5 7. Nxc6 bxc6 8.
c4 h6 9. Nc3 Be6 10. Qa4 Bd7 11. cxd5 cxd5 12. Qa6 Be6 13. Qc6+ Bd7 14. Qb7 Rc8
15. Nxd5 Bc5 16. Be3 Bxe3 17. fxe3 Rb8 18. Qxa7 Rxb2 19. Nc7+ Kf8 20. Qa3+ Kg8
21. Qxb2 Qxc7 22. Rac1 Qa7 23. Qxe5 Ng4 24. Qd4 Qa3 25. Qxd7 Qxe3+ 26. Kh1 1-0

[Event "Tromsøsjakken NGP 2024"]
[Site "Sparebanken Nordnorge i Igloen"]
[Date "2024.08.31"]
[Round "2"]
[White "Aas, Robert J."]
[Black "Hammari, Vinjar"]
[Result "1-0"]
[WhiteElo "1863"]
[BlackElo "2119"]
[PlyCount "99"]
[EventDate "2024.??.??"]

1. d4 d5 2. c4 dxc4 3. Nf3 Nf6 4. e3 b5 5. a4 b4 6. Bxc4 e6 7. O-O Be7 8. Nbd2
Bb7 9. Nb3 a5 10. Bd2 Nbd7 11. Qe2 O-O 12. Rfc1 Qb8 13. Bb5 Bd5 14. Bc4 Be4 15.
Ng5 Bb7 16. e4 e5 17. f3 exd4 18. e5 Nd5 19. Nxf7 N7b6 20. e6 c5 21. Bd3 Rc8
22. Ne5 Nf6 23. Nd7 Qd6 24. Nbxc5 Bd5 25. Ne4 Nxe4 26. fxe4 Bxe6 27. Nxb6 Qxb6
28. Qh5 Bf7 29. Qg4 Be6 30. Qg3 Kh8 31. Qf3 Rf8 32. Qh5 Bf7 33. Qe5 Bd6 34. Qg5
Rae8 35. Rf1 Be7 36. Qb5 Qd8 37. Rac1 Bd6 38. Bg5 Qa8 39. Qd7 Qb8 40. Rxf7
Bxh2+ 41. Kh1 Rxf7 42. Qxf7 Re5 43. Qd7 Re8 44. e5 h6 45. Qf5 Kg8 46. Qh7+ Kf7
47. Qg6+ Kg8 48. Bxh6 Bxe5 49. Rf1 Qd8 50. Qh7# 1-0

[Event "Tromsøsjakken NGP 2024"]
[Site "Sparebanken Nordnorge i Igloen"]
[Date "2024.08.31"]
[Round "2"]
[White "Rølvåg, Mikael"]
[Black "Entner, Erlend"]
[Result "1-0"]
[WhiteElo "2097"]
[BlackElo "1742"]
[PlyCount "95"]
[EventDate "2024.??.??"]

1. Nf3 Nf6 2. c4 g6 3. Nc3 Bg7 4. e4 d6 5. d4 O-O 6. Be2 Nbd7 7. O-O e5 8. Re1
Qe7 9. Bf1 h6 10. b3 Re8 11. Bb2 Nf8 12. Nd5 Nxd5 13. cxd5 Bg4 14. dxe5 dxe5
15. Qd3 g5 16. Nd2 Ng6 17. g3 Bf8 18. Nc4 Qf6 19. Bg2 Bc5 20. Ne3 Bd7 21. Rac1
b6 22. Rc2 g4 23. Rec1 a5 24. Rxc5 bxc5 25. Rxc5 Qb6 26. Qc3 Ra7 27. Ba3 a4 28.
b4 Rc8 29. Bc1 Qf6 30. a3 h5 31. Nc4 h4 32. Be3 hxg3 33. hxg3 Kg7 34. Qc1 Rh8
35. Bg5 Qa6 36. Be3 Qb7 37. Na5 Qb8 38. Nc6 Bxc6 39. Rxc6 Rb7 40. Bg5 Rh5 41.
Bf6+ Kg8 42. d6 Nf8 43. dxc7 Qc8 44. Qd1 Rxc7 45. Rxc7 Qxc7 46. Qxg4+ Ng6 47.
Qxh5 Qc1+ 48. Bf1 1-0

[Event "Tromsøsjakken NGP 2024"]
[Site "Sparebanken Nordnorge i Igloen"]
[Date "2024.08.31"]
[Round "3"]
[White "Vestby-Ellingsen, Mads"]
[Black "Mikalsen, Bengt A."]
[Result "1-0"]
[WhiteElo "2360"]
[BlackElo "1822"]
[PlyCount "55"]
[EventDate "2024.??.??"]

1. d4 d5 2. c4 e6 3. Nf3 Nf6 4. Nc3 Be7 5. Bf4 c6 6. e3 O-O 7. Qc2 b6 8. Bd3
Bb7 9. O-O Na6 10. a3 Rc8 11. cxd5 exd5 12. Bf5 Ra8 13. Rfd1 Nc7 14. Ne5 Ne6
15. Bg3 Re8 16. Ne2 c5 17. dxc5 bxc5 18. Bh4 Nf8 19. Nd3 c4 20. Ndf4 g6 21.
Bxf6 Bxf6 22. Bg4 Qa5 23. Qd2 Qxd2 24. Rxd2 Rab8 25. Nc3 Bc6 26. Nfxd5 Bxd5 27.
Nxd5 Bxb2 28. Rxb2 1-0

[Event "Tromsøsjakken NGP 2024"]
[Site "Sparebanken Nordnorge i Igloen"]
[Date "2024.08.31"]
[Round "3"]
[White "Lund, Gunnar"]
[Black "Rølvåg, Mikael"]
[Result "1-0"]
[WhiteElo "2337"]
[BlackElo "2097"]
[PlyCount "79"]
[EventDate "2024.??.??"]

1. d4 Nf6 2. c4 e6 3. Nf3 b6 4. g3 Bb7 5. Bg2 Be7 6. O-O O-O 7. Nc3 Na6 8. Re1
Bb4 9. Bd2 c5 10. a3 Bxc3 11. Bxc3 Be4 12. dxc5 Nxc5 13. b4 Nb7 14. Bxf6 gxf6
15. Qd4 f5 16. Nd2 Bxg2 17. Kxg2 Qc7 18. e4 Nd6 19. e5 Ne8 20. Rac1 f6 21. f4
fxe5 22. fxe5 Rf7 23. Nf3 a5 24. b5 Rc8 25. a4 Rg7 26. h3 Nf6 27. Nd2 Nh5 28.
Rc3 Rg6 29. Kh2 Rf8 30. Rf3 Qd8 31. Ref1 Kh8 32. g4 Ng7 33. Ne4 Qh4 34. Rf4 Qd8
35. Qf2 Qb8 36. Nd6 Qc7 37. Qd4 Kg8 38. gxf5 exf5 39. Qd5+ Re6 40. Nxf5 1-0

[Event "Tromsøsjakken NGP 2024"]
[Site "Sparebanken Nordnorge i Igloen"]
[Date "2024.08.31"]
[Round "3"]
[White "Schouten, Mathias L."]
[Black "Aas, Robert J."]
[Result "1-0"]
[WhiteElo "2250"]
[BlackElo "1863"]
[PlyCount "77"]
[EventDate "2024.??.??"]

1. d4 Nf6 2. c4 g6 3. Nc3 Bg7 4. e4 d6 5. Be2 O-O 6. Nf3 e5 7. Be3 Ng4 8. Bg5
f6 9. Bc1 c6 10. h3 Nh6 11. O-O Na6 12. Be3 Qe7 13. a3 Nf7 14. Qc2 Bh6 15. Bxh6
Nxh6 16. Rad1 Nf7 17. Rd2 Nc7 18. Rfd1 Ne6 19. d5 Nf4 20. c5 cxd5 21. Nxd5 Nxd5
22. exd5 Bf5 23. Qc3 g5 24. b4 Rac8 25. c6 bxc6 26. dxc6 Be6 27. b5 d5 28. Rc1
Nd6 29. Qc5 Qc7 30. Rb2 Rb8 31. a4 Rf7 32. Ne1 d4 33. Nd3 Ne4 34. Qb4 a5 35.
Qa3 Nc3 36. Nc5 Bc8 37. Bc4 Kg7 38. Bxf7 Ne2+ 39. Rxe2 1-0

[Event "Tromsøsjakken NGP 2024"]
[Site "Sparebanken Nordnorge i Igloen"]
[Date "2024.08.31"]
[Round "3"]
[White "Søraas, Torben"]
[Black "Røyset, Pål N."]
[Result "1-0"]
[WhiteElo "2151"]
[BlackElo "2063"]
[PlyCount "81"]
[EventDate "2024.??.??"]

1. e4 c5 2. Nc3 Nc6 3. g3 g6 4. Bg2 Bg7 5. d3 d6 6. Nge2 e6 7. O-O Nge7 8. Be3
Nd4 9. Qd2 Qb6 10. Nd1 Bd7 11. c3 Nxe2+ 12. Qxe2 Qa6 13. Qd2 O-O 14. f3 Nc6 15.
Nf2 f5 16. Bh6 Rf7 17. Bxg7 Rxg7 18. f4 e5 19. Nh3 Qb6 20. Rf2 Re8 21. Kh1 Qc7
22. Raf1 Ne7 23. Ng5 h6 24. Nf3 exf4 25. gxf4 Bc6 26. e5 Kh7 27. d4 Be4 28. Rd1
b6 29. dxc5 dxc5 30. Qd6 Qb7 31. Qf6 Ng8 32. Qh4 Rd7 33. Rxd7+ Qxd7 34. Ng5+
Kg7 35. Nxe4 fxe4 36. Bxe4 Qd1+ 37. Kg2 Qe1 38. Bc2 Rf8 39. Qg4 Ne7 40. Qd7 Kf7
41. Bb3+ 1-0

[Event "Tromsøsjakken NGP 2024"]
[Site "Sparebanken Nordnorge i Igloen"]
[Date "2024.08.31"]
[Round "3"]
[White "Remman, Frank R."]
[Black "Berg Hanssen, Gunnar"]
[Result "0-1"]
[WhiteElo "1884"]
[BlackElo "2146"]
[PlyCount "66"]
[EventDate "2024.??.??"]

1. d4 Nf6 2. c4 e6 3. Nf3 d5 4. g3 Be7 5. Bg2 O-O 6. Qc2 c6 7. O-O b6 8. Nbd2
Bb7 9. b3 Na6 10. Bb2 Rc8 11. e4 c5 12. exd5 exd5 13. dxc5 Nxc5 14. Ng5 g6 15.
Qc3 dxc4 16. Bxb7 Nxb7 17. Nde4 Rc6 18. Rac1 h6 19. Rfd1 Qc8 20. Nf3 Qf5 21.
Re1 Qd5 22. bxc4 Qa5 23. Qe3 Nc5 24. Nxc5 Bxc5 25. Qxh6 Bxf2+ 26. Kg2 Bxe1 27.
Bxf6 Rxf6 28. Ng5 Qd2+ 29. Kh3 Re8 30. Qh7+ Kf8 31. Qh8+ Ke7 32. Rxe1+ Qxe1 33.
Qh4 Qf1+ 0-1

[Event "Tromsøsjakken NGP 2024"]
[Site "Sparebanken Nordnorge i Igloen"]
[Date "2024.08.31"]
[Round "3"]
[White "Valvåg, Torbjørn"]
[Black "Rostad, Birk S."]
[Result "1/2-1/2"]
[WhiteElo "2138"]
[BlackElo "1950"]
[PlyCount "36"]
[EventDate "2024.??.??"]

1. d4 d5 2. Nf3 Nf6 3. g3 c5 4. dxc5 Nc6 5. c3 a5 6. Bg2 e5 7. b4 axb4 8. cxb4
e4 9. Nd4 Nxb4 10. Nb3 Qc7 11. Be3 Be6 12. Nc3 b6 13. Nb5 Qd7 14. a4 Rc8 15.
Rc1 Na2 16. Ra1 Nb4 17. Rc1 Na2 18. Ra1 Nb4 1/2-1/2

[Event "Tromsøsjakken NGP 2024"]
[Site "Sparebanken Nordnorge i Igloen"]
[Date "2024.08.31"]
[Round "3"]
[White "Hammari, Vinjar"]
[Black "Tørfoss, Sivert S,"]
[Result "1/2-1/2"]
[WhiteElo "2119"]
[BlackElo "2120"]
[PlyCount "32"]
[EventDate "2024.??.??"]

1. e4 e5 2. Nf3 Nc6 3. Nc3 Nf6 4. Be2 d5 5. exd5 Nxd5 6. O-O Nxc3 7. bxc3 e4 8.
Ne1 Bd6 9. d4 exd3 10. cxd3 O-O 11. Rb1 Rb8 12. d4 Qf6 13. Qc2 Bf5 14. Bd3 Ne7
15. Nf3 Qg6 16. Bxf5 Nxf5 1/2-1/2

[Event "Tromsøsjakken NGP 2024"]
[Site "Sparebanken Nordnorge i Igloen"]
[Date "2024.08.31"]
[Round "3"]
[White "Rølvåg, Birk A."]
[Black "Halvorsen, Benjamin"]
[Result "1/2-1/2"]
[WhiteElo "1955"]
[BlackElo "1939"]
[PlyCount "81"]
[EventDate "2024.??.??"]

1. e4 d6 2. Nc3 Nf6 3. g3 g6 4. Bg2 Bg7 5. Nge2 O-O 6. O-O e5 7. d3 c6 8. h3
Ne8 9. f4 f5 10. Be3 Be6 11. Qd2 Nc7 12. Rad1 Nd7 13. Kh2 Nb6 14. b3 Qe7 15. d4
fxe4 16. Nxe4 Bd5 17. dxe5 Bxe4 18. exd6 Qe6 19. Bxb6 Bxg2 20. Kxg2 axb6 21.
dxc7 Rac8 22. Rf3 Rxc7 23. Re3 Qf7 24. Ng1 b5 25. Nf3 Ra8 26. Qd6 Bf8 27. Qd3
Rxa2 28. Ng5 Qd5+ 29. Qxd5+ cxd5 30. Rxd5 Raxc2+ 31. Kf3 R2c3 32. Rd8 Rxe3+ 33.
Kxe3 Re7+ 34. Kd4 h6 35. Ne4 b4 36. g4 Rf7 37. Ke5 Re7+ 38. Kd5 Rf7 39. Ke6
Re7+ 40. Kd5 Rf7 41. Ke6 1/2-1/2

[Event "Tromsøsjakken NGP 2024"]
[Site "Sparebanken Nordnorge i Igloen"]
[Date "2024.08.30"]
[Group "A"]
[Table "1"]
[Round "4"]
[White "Mads Vestby-Ellingsen"]
[Black "Mathias Lind Schouten"]
[WhiteElo "2360"]
[BlackElo "2250"]
[Result "1/2-1/2"]

1. d4 d5 2. Nf3 Nf6 3. c4 c5 4. cxd5 cxd4 5. Nxd4 Nxd5 6. g3 e5 7. Nc2 Nc6 8. Bg2 Be6 9. O-O Be7 10. Ne3 Nxe3 11. Bxe3 Qa5 12. Nc3 Rd8 13. Bxc6+ bxc6 14. Qa4 Qxa4 15. Nxa4 f5 16. b3 a6 17. Rfd1 Kf7 18. Bb6 Rxd1+ 19. Rxd1 h5 20. Bc7 e4 21. Be5 Rd8 22. Rxd8 Bxd8 23. Nc5 Bc8 24. b4 Bf6 25. Bd6 Be7 26. Be5 Bxc5 27. bxc5 Ke6 28. Bxg7 Kd5 29. Bf8 Kc4 30. Kf1 Kb4 31. Ke1 Be6 32. Kd2 Bxa2 33. f3 exf3 34. exf3 Bd5 35. Kc2 Bxf3 36. h4 a5 1/2-1/2

[Event "Tromsøsjakken NGP 2024"]
[Site "Sparebanken Nordnorge i Igloen"]
[Date "2024.09.01"]
[Round "4"]
[White "Berg Hanssen, Gunnar"]
[Black "Søraas, Torben"]
[Result "1-0"]
[WhiteElo "2146"]
[BlackElo "2151"]
[PlyCount "79"]
[EventDate "2024.??.??"]

1. c4 c5 2. Nf3 Nf6 3. Nc3 g6 4. g3 Nc6 5. Bg2 Bg7 6. O-O O-O 7. d4 Nxd4 8.
Nxd4 cxd4 9. Qxd4 d6 10. Qe3 Ng4 11. Qd2 Rb8 12. h3 Nf6 13. b3 Be6 14. Bb2 Qa5
15. Rfd1 Qh5 16. Nd5 Bxd5 17. cxd5 Rfc8 18. Rac1 Nd7 19. Bxg7 Kxg7 20. g4 Qh6
21. f4 Kg8 22. Qe3 Nc5 23. Qxe7 Re8 24. Qxd6 b6 25. b4 Rbd8 26. Qf6 Nd7 27. Qd4
Rxe2 28. Re1 Rxa2 29. Rc7 Qf8 30. d6 Re8 31. Re7 Nb8 32. Rxf7 Re1+ 33. Kh2
Rxg2+ 34. Kxg2 Qxf7 35. Rxf7 Kxf7 36. Qc4+ Kf8 37. Qc7 Re8 38. Qxh7 Nc6 39.
Qxg6 Nxb4 40. d7 1-0